| 000 | 00000nam##2200000za#4500 |
| 001 | 9.616674 |
| 003 | CaOODSP |
| 005 | 20210615101733 |
| 007 | ta |
| 008 | 150406|2003||||xxc||||| f|0| 0 eng|d |
| 040 | |aCaOODSP|beng |
| 043 | |an-cn--- |
| 086 | 1 |aNH18-22/103-129E |
| 110 | 2 |aCanada Mortgage and Housing Corporation. |
| 245 | 10|aMonitoring the performance of a retrofitted preserved wood foundation |
| 260 | |bCanada Mortgage and Housing Corporation |c2003. |
| 300 | |a[4]p. : |bfig. ; |c28 cm. |
| 490 | 1 |aResearch highlight. Technical series |v03-129 |
| 520 | 3 |aThese technical papers summarize a wide range of housing-related studies, reports, and manuals. They examine issues as diverse as low-maintenance northern landscaping; policy options for achieving healthy indoor air quality; and various aspects of building performance, including high-rise building envelope performance, performance of various building materials, and evaluations of district heating systems. |
| 563 | |aPamphlet |
| 590 | |a04-01|b2004-01-02 |
| 690 | 07|aHousing|2gcpds |
| 690 | 07|aWood|2gcpds |
| 775 | 08|tSuivi de la performance de la réfection de fondations en bois traité |w(CaOODSP)9.626448 |
| 776 | 0#|tMonitoring the performance of a retrofitted preserved wood foundation |w(CaOODSP)9.581135 |
| 830 | #0|aResearch highlight. Technical series ;|v03-129|w(CaOODSP)9.514826 |